Top 15 Länder mit Covid-19-Todesfällen - 10. Mai 2021 - Statistiken

Allgemein
  • Dieses Quiz wurde 14 mal gespielt
  • Das Durchschnittsergebnis liegt bei 15 aus 24
Antwortstatistiken
Land % Korrekt
Frankreich
100%
Deutschland
93%
Spanien
93%
Vereinigte Staaten
93%
Brasilien
86%
Italien
86%
Polen
86%
Vereinigtes Königreich
86%
Russland
79%
Argentinien
64%
Mexiko
64%
Tschechien
64%
Indien
57%
Kolumbien
50%
Peru
50%
Slowakei
50%
Slowenien
50%
Belgien
43%
Kroatien
43%
Ungarn
43%
Bulgarien
36%
Bosnien und Herzegowina
29%
Iran
29%
Nordmazedonien
14%
Keine übereinstimmenden Quizze gefunden
Verteilung der Resultate
Anzahl Personen mit jedem Resultat
Perzentil nach korrekt beantworteten Fragen
Ihre Resultats-Entwicklung
Sie haben dieses Quiz noch nicht gespielt